| 000 | 01205cam a2200373 i 4500 | ||
|---|---|---|---|
| 001 | 016492478 | ||
| 003 | EG-ScBUE | ||
| 005 | 20241007120025.0 | ||
| 008 | 150114t2014 enka f 001 0 eng d | ||
| 020 | _a9781292021232 | ||
| 020 | _a1292021233 | ||
| 040 |
_aStDuBDS _beng _erda _cStDuBDS _dEG-ScBUE |
||
| 082 | 0 | 4 |
_a515 _222 _bTHO |
| 100 |
_aThomas, George B., _cJr. _q(George Brinton), _d1914-2006, _eauthor. _941345 |
||
| 245 | 1 | 0 |
_aThomas' calculus early transcendentals / _cGeorge B. Thomas Jr., Maurice D. Weir, Joel R. Hass. |
| 246 | 3 | 0 | _aCalculus early transcendentals |
| 250 | _aTwelfth edition. | ||
| 250 | _aPearson new international edition. | ||
| 264 | 1 |
_aHarlow : _bPearson Education Limited, _c[2014] |
|
| 264 | 4 | _cc2014 | |
| 300 |
_a1125 pages : _billustrations ; _c28 cm. |
||
| 336 |
_2rdacontent _atext _btxt |
||
| 337 |
_aunmediated _2rdamedia _bn |
||
| 338 |
_avolume _bnc _2rdacarrier |
||
| 490 | 0 | _aPearson custom library | |
| 500 | _aIncludes index. | ||
| 650 | 7 |
_aCalculus. _2BUEsh _92017 |
|
| 651 | _2BUEsh | ||
| 653 |
_bENGGEN _cOctober2016 |
||
| 655 | _vReading book | ||
| 700 | 1 |
_aWeir, Maurice D., _eauthor. |
|
| 700 | 1 |
_aHass, Joel, _eauthor. |
|
| 942 |
_2ddc _cBB |
||
| 999 |
_c22465 _d22437 |
||